000 00302nam a22001337a 4500
008 170405b xxu||||| |||| 00| 0 eng d
020 _a034406206148
041 _aeng
080 _a 574
100 _a9
101 _ashm
245 _aTHE COMPLETE GARDEN GUIDE
_cTIME LIFE BOOKS
942 _2udc
_cBK
999 _c9829
_d9829